000 02327cam a2200253 4500500
005 20260322010336.0
041 _afre
042 _adc
100 1 0 _aMandard, Matthieu
_eauthor
700 1 0 _aBriec, Louise
_eauthor
245 0 0 _aUne synthèse des critiques adressées à la décroissance à partir du modèle des cités
260 _c2026.
500 _a94
520 _aPopularisé par le rapport Meadows paru en 1972, l’objectif de rupture avec la croissance économique – définition de la décroissance que nous retiendrons ici – a de tout temps fait l’objet de vives oppositions. Quelles sont les critiques qui lui ont été adressées ? En mobilisant le modèle des cités de Boltanski et Thévenot (1991), l’objectif de cet article est de recenser ces divers griefs, en exposant leurs origines, leur nature et les réponses dont ils ont fait l’objet. L’intérêt de ce travail est double. Il s’agit d’une part de mieux comprendre les critiques formulées. Il s’agit d’autre part d’y répondre plus précisément, en adaptant les discours aux craintes exprimées. Classification JEL : A1, O4, Q5, D63
520 _aPopularized by the Meadows report published in 1972, the rupture with the objective of economic growth – which is the definition of degrowth that we adopt – has always been the subject of fierce opposition. What criticisms have been leveled at this project ? Using the economies of worth model developed by Boltanski and Thévenot (1991), the objective of this paper is to identify these criticisms by explaining their origins, their nature, and the responses that have been brought to each of them. The contribution of this paper is twofold. On the one hand, we aim to offer a better understanding of the criticisms that have been formulated. On the other hand, the objective is to better address these criticisms, by adapting the answers to the concerns that have been expressed.
690 _acritiques
690 _adécroissance
690 _amodèle des cités
690 _acriticisms
690 _adegrowth
690 _aorders of worth
786 0 _nMondes en développement | 53 | 4 | 2026-02-25 | p. 55-72 | 0302-3052
856 4 1 _uhttps://shs.cairn.info/revue-mondes-en-developpement-2026-1-page-55?lang=fr&redirect-ssocas=7080
999 _c1755807
_d1755807